00498nam a2200145 i 450000100060000000300090000600500170001500700030003200800410003524501560007626000490023230000210028171000260030285200240032868998ES-MaACL20230906170417.0t|040825s1871 po ||||1| por d00aCatalogo dos objectos offerecidos pelo Governo hespanhol á Academia Real das Bellas Artes de Lisboa e a outros estabelecimientos de Portugal em 1871. aLisboa : b[s.n.], c1871 (fTyp. Universal) a24 p. ; c17 cm.1 aEspaña. bGobierno.4 aES-MaACLjT-149-F-5